Welcome to the Holygrace Academy Library

Please use search bar below to get started

THE BAD GUYS (Record no. 5709)

MARC details
000 -LEADER
fixed length control field 00318nam a22001457a 4500
020 ## - INTERNATIONAL STANDARD BOOK NUMBER
ISBN 978-17-6015-12-7
082 ## - DEWEY DECIMAL CLASSIFICATION NUMBER
Classification number 523
Item number BLA/B
100 ## - MAIN ENTRY--AUTHOR NAME
Personal name BLABEY, ARON
245 ## - TITLE STATEMENT
Title THE BAD GUYS
260 ## - PUBLICATION, DISTRIBUTION, ETC. (IMPRINT)
Place of publication AUSTRALIA
Name of publisher SCHOLASTIC INC
Year of publication 2015
300 ## - PHYSICAL DESCRIPTION
Number of Pages 140
520 ## - SUMMARY, ETC.
Summary, etc ENGLISH STORY
650 ## - SUBJECT ADDED ENTRY--TOPICAL TERM
Topical Term ENGLISH STORY
942 ## - ADDED ENTRY ELEMENTS (KOHA)
Koha item type Books
Holdings
Withdrawn status Lost status Collection code Home library Current library Shelving location Date acquired Source of acquisition Cost, normal purchase price Full call number Accession Number Koha item type
    Fiction Main Library Main Library SHELF 15-I-CHILDREN'S STORYBOOKS 09/11/2016 Purchase 295.00 523 BLA/B 09955 Books